| 000 | 00000nam##2200000za#4500 |
| 001 | 9.700434 |
| 003 | CaOODSP |
| 005 | 20250506145324 |
| 007 | cr ||||||||||| |
| 008 | 150407|1962||||xxc|||||o f|0| 0 eng|d |
| 040 | |aCaOODSP|beng |
| 043 | |an-cn--- |
| 086 | 1 |aA43-1110/1962E-PDF |
| 110 | 1 |aCanada.|bAgriculture Canada. |
| 245 | 10|aControl of root weevils in strawberries / |h[electronic resource]|c[by] W.T. Cram. |
| 260 | |aOttawa - Ontario : |bAgriculture Canada |c1962. |
| 300 | |a16p.|billus. |
| 500 | |aIncorrect copyright date (1992) printed in this publication. |
| 500 | |aHistorical publication digitized by Agriculture and Agri-Food Canada. |
| 590 | |a15-03-Supp|b2015-03-13 |
| 690 | 07|aPlants|2gcpds |
| 690 | 07|aWild plants|2gcpds |
| 720 | 1 |aCram, W. T. |
| 775 | 08|tRépression des charançons de la racine du fraisier / |w(CaOODSP)9.644323 |
| 856 | 40|ahttp://publications.gc.ca|qPDF|s619 KB|uhttps://publications.gc.ca/collections/collection_2015/aac-aafc/A43-1110-1962-eng.pdf |
| 986 | |aPublication 1110 |